000 00675nam a22002057a 4500
005 20240530110548.0
008 160613s2013 ua g 000 f ara d
017 _a2012/23001
_bمصر . دار الكتب المصرية
020 _a9789772936991
040 _aEG-CaGPL
082 0 4 _221
_a813.03\
_bف د
100 0 _aفؤاد قنديل .
245 1 0 _aدولة العقرب /
_cفؤاد قنديل .
250 _aط1.
260 _aالقاهرة :
_bمكتبة الدار العربية للكتاب ،
_c2013 .
300 _a424 ص ؛
_c20 سم .
650 0 4 _aالقصص العربية .
942 _2ddc
_cBK
999 _c62403
_d62403